Dynamical mechanical systems under random impulses (Record no. 11868)

MARC details
000 -LEADER
fixed length control field 00683nam a2200205Ia 4500
003 - CONTROL NUMBER IDENTIFIER
control field IN-BaIIA
008 - FIXED-LENGTH DATA ELEMENTS--GENERAL INFORMATION
fixed length control field 211028s9999 xx 000 0 eng d
020 ## - INTERNATIONAL STANDARD BOOK NUMBER
International Standard Book Number 981-02-2281-5
040 ## - CATALOGING SOURCE
Transcribing agency IIA Library
080 ## - UNIVERSAL DECIMAL CLASSIFICATION NUMBER
Universal Decimal Classification number 519.218
Item number IWA
100 ## - MAIN ENTRY--PERSONAL NAME
Personal name Iwankiewicz, R
9 (RLIN) 20602
245 #0 - TITLE STATEMENT
Title Dynamical mechanical systems under random impulses
Remainder of title standard model from tree unitarity
Statement of responsibility, etc. R. Iwankiewicz
260 ## - PUBLICATION, DISTRIBUTION, ETC.
Place of publication, distribution, etc. Singapore
Name of publisher, distributor, etc. World Scientific
Date of publication, distribution, etc. 1995
300 ## - PHYSICAL DESCRIPTION
Extent ix, 161p.
650 ## - SUBJECT ADDED ENTRY--TOPICAL TERM
Topical term or geographic name entry element Random Pulse Trains
9 (RLIN) 20603
650 ## - SUBJECT ADDED ENTRY--TOPICAL TERM
Topical term or geographic name entry element Random Vibration
9 (RLIN) 20604
650 ## - SUBJECT ADDED ENTRY--TOPICAL TERM
Topical term or geographic name entry element Stochastic Dynamics
9 (RLIN) 20605
650 ## - SUBJECT ADDED ENTRY--TOPICAL TERM
Topical term or geographic name entry element Stochastic Processes
9 (RLIN) 4970
942 ## - ADDED ENTRY ELEMENTS (KOHA)
Koha item type Books
Holdings
Withdrawn status Lost status Damaged status Not for loan Home library Current library Shelving location Date acquired Source of acquisition Cost, normal purchase price Total Checkouts Full call number Barcode Date last seen Cost, replacement price Price effective from Koha item type Purchase Price
        IIA Library-Bangalore IIA Library-Bangalore General Stacks 23/08/1996 WWB 1368.00   519.218/.219:534/ IWA 12784 05/11/2021 1368.00 23/08/1996 Books Rs. 1368.00

Powered by Koha